000 01307nam a22003017a 4500
005 20090724135734.0
008 090608t xxu||||| |||| 00| j hin d
010 _aHIN-93362
020 _a9788171491056
_c150.00
035 _aHN-65708
037 _bDBAD / PUB
040 _aDPL
_bHN
082 _a
100 _91372
_aकौशिक, जय नारायण
245 _aएकता धामः
_cजय नारायण कौशिक
_bविश्व बंधुत्व तथा सृष्टि संरक्षण पर आधारित उपन्यास /
246 _aEkata Dham
_bby Jai Narain Kaushik
260 _aदिल्ली
_bसाहित्य सहकार
_c2010
270 _a29/62-बी, गली नं-11, विश्वास नगर
_bदिल्ली
_e110032
_k22385703
300 _a112पृ.
_c22सेमी (सजिल्द)
650 _91169
_aहिन्दी कथा साहित्य
650 _929837
_aHindi Novel
700 _929841
700 _929924
700 _929925
700 _929926
942 _2ddc
_cHN
_mकौशिक
_h
999 _c54228
_d54228